00918nam a2200229 a 4500001001000000003000500010005001700015008004100032010001100073011001100084040000900095100003500104245015700139260004100296500006000337502007100397650002200468650005000490650003800540650004000578856007000618000115321CHAP20220329144529.0190507s2018 mx a |sm |||||||spa d a111782 a112754 cCHAP1 aPérez Cortés, Joel Miguel.10aComposición nutrimental de lechuga (Lactuca sativa L.) cultivada en acuaponía, hidroponía y sueloh[En línea]cpor Joel Miguel Pérez Cortés. aChapingo, Méx. :bEl autor,c2018. aPara ver el contenido del material haga clic en la liga aTesis (Ing. en Irrigación) -- UACH. Departamento de Irrigación14aLechugaxCultivo.14aLechugaxCultivos acuapónicosxRendimiento.14aLechugaxCultivos hidropónicos.14aLechugaxEfecto del medio ambiente. aFinding aiduhttp://10.13.5.2/tesis/sist115321.pdfzTeclea aquí